Normal view
MARC view
Entry Uniform Title
001 - CONTROL NUMBER
- control field: 1359
003 - CONTROL NUMBER IDENTIFIER
- control field: ARRUPE
005 - DATE AND TIME OF LATEST TRANSACTION
- control field: 20130926112242.0
008 - FIXED-LENGTH DATA ELEMENTS
- fixed length control field: 130926|| aca||aabn | a|a d
040 ## - CATALOGING SOURCE
- Original cataloging agency: ARRUPE
- Transcribing agency: ARRUPE
130 ## - HEADING--UNIFORM TITLE
- Uniform title: Bible
- General subdivision: Hermeneutics.
670 ## - SOURCE DATA FOUND
- Source citation: Work cat.: (ARRUPE)0: Hayes, John H. (John Haralson), 1934- 1358, Biblical exegesis :, c1982.